000 02695cam a2200265 4500500
005 20260329003254.0
041 _afre
042 _adc
100 1 0 _aFiore, Karine
_eauthor
245 0 0 _aAnalyse socio-économique dans le cadre du règlement REACH : application à la restriction du bisphénol A dans le papier thermique
260 _c2018.
500 _a53
520 _aLe règlement REACH ( Registration, Evaluation, Authorisation and Restriction of Chemicals) a introduit l’analyse socio-économique comme outil d’aide à la décision pour la gestion des risques générés par les substances chimiques. Par son caractère formalisé et scientifique, elle vient en soutien de l’action publique, en complément de l’évaluation des risques. Dans ce cadre, l’analyse socio-économique consiste en l’évaluation des impacts sanitaires, environnementaux, économiques et sociaux attendus de la mesure de gestion pour les différents acteurs concernés en Europe. L’évaluation réalisée en appui de la proposition française de restriction du bisphénol A dans le papier thermique en fournit un exemple instructif. Développée sur la base d’une analyse coûts-bénéfices semi-quantitative, elle illustre à la fois le défi méthodologique que représente l’exercice empreint d’incertitudes, et l’utilité d’une telle analyse pour éclairer le décideur public.
520 _aThe REACH regulation introduced socioeconomic analysis as a decision-making tool in the management of risks generated by chemicals. With its formalized and science-based features, it aims at supporting public action, in addition to risk assessment. Here, the socioeconomic analysis involves evaluating the human health, environmental, economic and social impacts on various European actors to be expected from the management measure chosen. The assessment performed to underpin the French proposal to restrict Bisphenol A in thermal paper is an instructive example. Developed from a semi-quantitative cost-benefit analysis, it illustrates both the methodological challenge due to uncertainties and the utility of such an analysis for public decision-makers.
690 _aanalyse coût-bénéfice
690 _aévaluation des impacts sur la santé
690 _apolitique publique
690 _aUnion européenne
690 _acost-benefit analysis
690 _aEuropean Union
690 _ahealth impact assessment
690 _apublic policy
786 0 _nEnvironnement, Risques & Santé | 17 | 4 | 2018-11-01 | p. 379-387 | 1635-0421
856 4 1 _uhttps://stm.cairn.info/revue-environnement-risques-et-sante-2018-4-page-379?lang=fr&redirect-ssocas=7080
999 _c1823047
_d1823047